004710000a2200157000450024500800000065000160008065000190009665000230011565000240013804100130016270000210017570000230019670000210021910000220024077300510026210aSmall-scale altitudinal variation in lowland wet tropical forest vegetation14aFenología14aBiogeografía14aBosques tropicales14aRiqueza de especies0 aInglés1 aLieberman, Diana1 aHartshorn, Gary S.1 aPeralta, Rodolfo1 aLieberman, Milton1 tJournal of Ecology3249h73q505-516d1985g73